Obras escogidas de Gaspar Núñez de Arce
Gorde:
| Egile nagusia: | |
|---|---|
| Formatua: | Liburua |
| Hizkuntza: | gaztelania |
| Argitaratua: |
Barcelona
Montaner y Simón
1911
|
| Edizioa: | 1a. ed |
| Gaiak: | |
| Etiketak: |
Etiketa erantsi
Etiketarik gabe, Izan zaitez lehena erregistro honi etiketa jartzen!
|
MARC
| LEADER | 00000nam a2200000 a 4500 | ||
|---|---|---|---|
| 001 | UCJ6737 | ||
| 003 | CL-VaPUC | ||
| 005 | 20230415074404.0 | ||
| 008 | 070124e19110000SP |||||||||||||||||spa|d | ||
| 999 | |c 322839 |d 322837 | ||
| 040 | |c Pontificia Universidad Católica de Valparaíso | ||
| 082 | 0 | 4 | |a 861 |b NUÑ |2 21 |
| 100 | |a Núñez de Arce, Gaspar |e autor |9 350025 | ||
| 245 | 1 | 0 | |a Obras escogidas de Gaspar Núñez de Arce |
| 246 | 1 | 0 | |a Raimundo Lulio |
| 246 | 1 | 3 | |a La duda |
| 246 | 1 | 3 | |a La selva oscura |
| 246 | 1 | 0 | |a Poemas cortos |
| 246 | 1 | 3 | |a El vértigo |
| 246 | 1 | 0 | |a Hernán el lobo |
| 246 | 1 | 0 | |a Pobre loca! |
| 246 | 1 | 3 | |a Un idilio y una elegía |
| 246 | 1 | 2 | |a A Lesbia |
| 246 | 1 | 3 | |a La última lamentación de Lord Byron. Edición ilustrada por F. Pradilla, M. Domínguez, J. Villegas y E. Mélida |
| 250 | |a 1a. ed | ||
| 260 | |a Barcelona |b Montaner y Simón |c 1911 | ||
| 300 | |a 259 p | ||
| 500 | |a Front., fotografía del autor.- Ilustraciones conforme al índice | ||
| 583 | |a last modification |c 20070124 00:00:00 |k Rodrigo Vera | ||
| 600 | 0 | |a Llull, Ramón, |d 1232-1316 |9 861252 | |
| 650 | 0 | |a Poesía |9 265825 | |
| 650 | 0 | |a Crítica literaria |9 269189 | |
| 650 | 0 | |a Ilustraciones |9 369481 | |
| 650 | 0 | |a Iconografía |9 267998 | |
| 942 | |c BK |2 ddc | ||
| 945 | |d 20070124 00:00:00 |a rinostro | ||
| 952 | |0 0 |1 0 |4 0 |6 861_000000000000000_NUÑ_1911 |7 0 |8 X |9 401962 |a FDOBUD |b FDOBUD |d 2019-11-22 |i 1052268 |o 861 NUÑ 1911 |p 1052268 |r 2019-11-22 |w 2019-11-22 |y BK_X |k BUD | ||